[Event "ODJM A 2016"]
[Site "Willingen GER"]
[Date "2016.05.17"]
[Round "4"]
[White "Pluska, Alexander"]
[Black "Wenninger, Philipp"]
[Result "0-1"]
[Termination "normal"]
[Board "1"]
[WhiteElo "2158"]
[BlackElo "2352"]
[WhiteClock "00:01:45"]
[BlackClock "00:01:12"]
[PlyCount "116"]
[WhiteFideId "12975141"]
[BlackFideId "4648404"]
[EventCountry "GER"]
[EventRounds "9"]
[EventType "swiss"]
[EventDate "2016.05.14"]

1. d4 Nf6 2. c4 c5 3. d5 e6 4. Nc3 exd5 5. cxd5 d6 6. Nf3 g6 7. g3 Bg7 8. Bg2
O-O 9. O-O Re8 10. Nd2 a6 11. a4 Nbd7 12. Nc4 Ne5 13. Nxe5 Rxe5 14. e4 Re8 15.
f4 Ng4 16. e5 dxe5 17. h3 exf4 18. hxg4 Bd4+ 19. Kh1 fxg3 20. g5 Re5 21. Ne4
Kg7 22. Qf3 Rf5 23. Qxg3 Rxf1+ 24. Bxf1 Qxd5 25. Bg2 Bf5 26. Nf6 Qe6 27. Qh4 h5
28. gxh6+ Kh8 29. Bg5 Bxb2 30. Re1 Qb3 31. Ne4 Kh7 32. Nf6+ Kh8 33. Bd5 Qb4 34.
Ne4 Kh7 35. Nf6+ Bxf6 36. Qxb4 cxb4 37. Bxf6 Kxh6 38. Re2 Bg4 39. Rh2+ Bh5 40.
Rb2 a5 41. Bxb7 Ra7 42. Bd5 Rd7 43. Bc4 Bf3+ 44. Kh2 Bc6 45. Bb3 Rd3 46. Kg1
Rg3+ 47. Kf1 g5 48. Rh2+ Kg6 49. Bc2+ Kxf6 50. Rh6+ Ke5 51. Rxc6 b3 52. Kf2 Rh3
53. Kg2 Re3 54. Kf2 Rh3 55. Kg2 g4 56. Bd1 Kd4 57. Bxg4 Rh4 58. Kg3 Rxg4+ 0-1

[Event "ODJM A 2016"]
[Site "Willingen GER"]
[Date "2016.05.17"]
[Round "4"]
[White "Greßmann, Moritz"]
[Black "Meyer, Henrik"]
[Result "1/2-1/2"]
[Termination "normal"]
[Board "2"]
[WhiteElo "2206"]
[BlackElo "2068"]
[WhiteClock "00:30:28"]
[BlackClock "00:20:53"]
[PlyCount "82"]
[WhiteFideId "24695084"]
[BlackFideId "12958182"]
[EventCountry "GER"]
[EventRounds "9"]
[EventType "swiss"]
[EventDate "2016.05.14"]

1. e4 c5 2. Nf3 d6 3. Bb5+ Nd7 4. O-O a6 5. Be2 Ngf6 6. d3 g6 7. a4 Bg7 8. Na3
Rb8 9. Re1 O-O 10. Bf1 e5 11. Nc4 Qc7 12. a5 b5 13. axb6 Nxb6 14. Nfd2 Ne8 15.
Nxb6 Qxb6 16. Nc4 Qc6 17. c3 f5 18. Be2 f4 19. Bg4 Bxg4 20. Qxg4 Kh8 21. Qe6
Rf6 22. Na5 Qc7 23. Qd5 f3 24. Nc4 Qc8 25. h3 Nc7 26. Nxd6 Qd7 27. Qxe5 Rxd6
28. Qxc5 fxg2 29. Bf4 Rc6 30. Qe3 Rxb2 31. d4 Rc2 32. Rec1 R6xc3 33. Rxc2 Rxe3
34. fxe3 Ne6 35. Rxa6 h6 36. Rd6 Qb7 37. Rdc6 Qf7 38. Rf2 Qd7 39. Rd6 Qe7 40.
e5 g5 41. Bg3 Qe8 1/2-1/2

[Event "ODJM A 2016"]
[Site "Willingen GER"]
[Date "2016.05.17"]
[Round "4"]
[White "Reuker, Jari"]
[Black "Xu, Xianliang"]
[Result "1/2-1/2"]
[Termination "normal"]
[Board "3"]
[BlackTitle "FM"]
[WhiteElo "2081"]
[BlackElo "2273"]
[WhiteClock "00:42:38"]
[BlackClock "00:38:49"]
[PlyCount "40"]
[WhiteFideId "12909300"]
[BlackFideId "4603230"]
[EventCountry "GER"]
[EventRounds "9"]
[EventType "swiss"]
[EventDate "2016.05.14"]

1. e4 c5 2. Nf3 d6 3. d4 cxd4 4. Nxd4 Nf6 5. Nc3 g6 6. Be3 Bg7 7. f3 O-O 8. Qd2
Nc6 9. O-O-O d5 10. Qe1 e5 11. Nxc6 bxc6 12. exd5 Nxd5 13. Bc4 Be6 14. Kb1
Nxc3+ 15. Qxc3 Qe7 16. h4 e4 17. Bd4 Bxd4 18. Rxd4 exf3 19. gxf3 Rad8 20. h5
Rxd4 1/2-1/2

[Event "ODJM A 2016"]
[Site "Willingen GER"]
[Date "2016.05.17"]
[Round "4"]
[White "Müller, Max"]
[Black "Meißner, Felix"]
[Result "1/2-1/2"]
[Termination "normal"]
[Board "4"]
[BlackTitle "FM"]
[WhiteElo "1960"]
[BlackElo "2287"]
[WhiteClock "00:09:46"]
[BlackClock "00:00:51"]
[PlyCount "158"]
[WhiteFideId "12900486"]
[BlackFideId "24671827"]
[EventCountry "GER"]
[EventRounds "9"]
[EventType "swiss"]
[EventDate "2016.05.14"]

1. e4 c5 2. Nf3 d6 3. d4 cxd4 4. Nxd4 Nf6 5. Nc3 a6 6. Bg5 Nbd7 7. Qe2 Qa5 8.
Bd2 Qc7 9. f4 b5 10. a3 e6 11. g4 Nb6 12. g5 Nfd7 13. b3 Qc5 14. Qd3 Bb7 15.
Bg2 Be7 16. h4 Rc8 17. Nce2 Qc7 18. h5 Nc5 19. Qe3 d5 20. e5 Ne4 21. g6 Bc5 22.
gxf7+ Qxf7 23. Bh3 Bxd4 24. Nxd4 Qxh5 25. Nxe6 Qh4+ 26. Kd1 Nf2+ 27. Ke2 Nxh1
28. Nxg7+ Kf8 29. Bb4+ Kxg7 30. Rg1+ Kf7 31. e6+ Ke8 32. Qxb6 Qxh3 33. Qxb7
Rxc2+ 34. Bd2 Qh2+ 35. Kf3 Qh3+ 36. Ke2 Qh2+ 37. Kf3 Qh5+ 38. Ke3 d4+ 39. Kd3
Qf5+ 40. Ke2 Qxe6+ 41. Kd1 Rxd2+ 42. Kxd2 Qe3+ 43. Kc2 Qxg1 44. Qc8+ Ke7 45.
Qxh8 Qf2+ 46. Kb1 Qe1+ 47. Ka2 Qe2+ 48. Ka1 Qd1+ 49. Kb2 Qd2+ 50. Kb1 Qd3+ 51.
Kb2 Qg6 52. Qe5+ Qe6 53. Qg7+ Kd6 54. Qxd4+ Kc6 55. Qc3+ Kd6 56. Qd4+ Qd5 57.
Qf6+ Kc7 58. Qe7+ Kb6 59. Qf6+ Kb7 60. Qe7+ Kc6 61. Qf6+ Qd6 62. Qc3+ Kb7 63.
Qg7+ Qc7 64. Qg2+ Qc6 65. Qg7+ Kb6 66. Qd4+ Kc7 67. Qg7+ Kd6 68. Qe5+ Kd7 69.
Qg7+ Kd6 70. Qe5+ Kd7 71. Qg7+ Kc8 72. Qf8+ Kb7 73. Qe7+ Kb6 74. Qe3+ Kc7 75.
Qe7+ Qd7 76. Qe5+ Qd6 77. Qg7+ Kc6 78. Qc3+ Kb6 79. Qe3+ Kb7 1/2-1/2

[Event "ODJM A 2016"]
[Site "Willingen GER"]
[Date "2016.05.17"]
[Round "4"]
[White "Diller, Daniel"]
[Black "Holtel, Jasper"]
[Result "1/2-1/2"]
[Termination "normal"]
[Board "5"]
[BlackTitle "FM"]
[WhiteElo "1903"]
[BlackElo "2269"]
[WhiteClock "00:10:28"]
[BlackClock "00:18:00"]
[PlyCount "84"]
[WhiteFideId "12908983"]
[BlackFideId "12956376"]
[EventCountry "GER"]
[EventRounds "9"]
[EventType "swiss"]
[EventDate "2016.05.14"]

1. c4 Nf6 2. g3 c6 3. Bg2 d5 4. Nf3 g6 5. b3 Bg7 6. Bb2 O-O 7. O-O a5 8. d3 a4
9. Qc1 Qb6 10. c5 Qa5 11. bxa4 Na6 12. d4 Ne4 13. Nc3 Naxc5 14. Qe3 Nxa4 15.
Nxa4 Qxa4 16. Nd2 Qb4 17. Nb3 Nf6 18. Bc3 Qd6 19. a4 Ng4 20. Qd2 h5 21. a5 Re8
22. e3 e5 23. Nc5 h4 24. Rab1 Ra7 25. Rb6 exd4 26. exd4 hxg3 27. hxg3 Bh6 28.
Qb2 Qc7 29. Bf3 Nf6 30. Rb1 Ne4 31. Re1 f5 32. Kg2 Re7 33. Bb4 Rf7 34. Nd3 Bg7
35. Rh1 Ra6 36. Rxa6 bxa6 37. Rc1 Qd7 38. Nc5 Nxc5 39. Bxc5 f4 40. g4 Qd8 41.
Qb8 Bf6 42. Rb1 Kg7 1/2-1/2

[Event "ODJM A 2016"]
[Site "Willingen GER"]
[Date "2016.05.17"]
[Round "4"]
[White "Terhuven, Patrick"]
[Black "Hebbering, Tom Elliot"]
[Result "1/2-1/2"]
[Termination "normal"]
[Board "6"]
[WhiteElo "2125"]
[BlackElo "2189"]
[WhiteClock "00:28:48"]
[BlackClock "00:29:24"]
[PlyCount "42"]
[WhiteFideId "12919098"]
[BlackFideId "12901750"]
[EventCountry "GER"]
[EventRounds "9"]
[EventType "swiss"]
[EventDate "2016.05.14"]

1. d4 d5 2. Nf3 Nf6 3. c4 c6 4. cxd5 cxd5 5. Nc3 Nc6 6. Bf4 a6 7. Rc1 e6 8. e3
Qb6 9. Qc2 Bd7 10. Be2 Rc8 11. O-O Qd8 12. Ne5 Nxe5 13. Bxe5 Be7 14. Bd3 h6 15.
Qb3 b5 16. Ne2 O-O 17. Rxc8 Qxc8 18. Rc1 Qa8 19. Rc7 Rc8 20. Bxf6 Bxf6 21. Rxd7
Qc6 1/2-1/2

[Event "ODJM A 2016"]
[Site "Willingen GER"]
[Date "2016.05.17"]
[Round "4"]
[White "Lüßmann, Thomas"]
[Black "Syrov, Arkadi"]
[Result "1/2-1/2"]
[Termination "normal"]
[Board "7"]
[WhiteElo "1915"]
[BlackElo "2114"]
[WhiteClock "00:58:33"]
[BlackClock "00:50:45"]
[PlyCount "47"]
[WhiteFideId "1270602"]
[BlackFideId "12942448"]
[EventCountry "GER"]
[EventRounds "9"]
[EventType "swiss"]
[EventDate "2016.05.14"]

1. d4 Nf6 2. c4 e6 3. Nf3 Bb4+ 4. Bd2 Qe7 5. g3 Nc6 6. Bg2 Bxd2+ 7. Nbxd2 d6 8.
O-O O-O 9. e4 e5 10. d5 Nb8 11. b4 a5 12. a3 Na6 13. Qb3 c6 14. Ne1 cxd5 15.
cxd5 axb4 16. axb4 Nc5 17. Qd1 Rxa1 18. Qxa1 Na6 19. Nd3 Bd7 20. Qa5 Qd8 21.
Nc4 Qxa5 22. bxa5 Bb5 23. Rc1 Bxc4 24. Rxc4 1/2-1/2

[Event "ODJM A 2016"]
[Site "Willingen GER"]
[Date "2016.05.17"]
[Round "4"]
[White "Bohlsen, Linus"]
[Black "Visvikis, Christos"]
[Result "1/2-1/2"]
[Termination "normal"]
[Board "8"]
[WhiteElo "2168"]
[BlackElo "1894"]
[WhiteClock "00:05:55"]
[BlackClock "00:05:11"]
[PlyCount "113"]
[WhiteFideId "12958093"]
[BlackFideId "12967955"]
[EventCountry "GER"]
[EventRounds "9"]
[EventType "swiss"]
[EventDate "2016.05.14"]

1. d4 Nf6 2. c4 e6 3. Nc3 Bb4 4. e3 O-O 5. Bd3 d5 6. Nf3 c5 7. O-O Nc6 8. a3
Bxc3 9. bxc3 dxc4 10. Bxc4 Qc7 11. Qc2 Rd8 12. Bb2 e5 13. Ng5 Rf8 14. Bd3 h6
15. Ne4 Nxe4 16. Bxe4 c4 17. Rad1 Ne7 18. dxe5 Qxe5 19. Rd4 Qc5 20. Rfd1 Nc6
21. Rd5 Qe7 22. a4 Be6 23. Rd6 Rfd8 24. Ba3 Rxd6 25. Bxd6 Qd8 26. Qb1 Qd7 27.
Bg3 Qe7 28. Bd6 Qd7 29. Bg3 Qe7 30. Rd6 Rd8 31. Qd1 Rxd6 32. Qxd6 Qf6 33. Qd2
Qd8 34. Qxd8+ Nxd8 35. Bb8 a6 36. a5 Kf8 37. Kf1 Ke7 38. Ke2 Kd7 39. Ba7 f5 40.
Bf3 Nc6 41. Bb6 Kd6 42. g3 Bd5 43. Bh5 Ne7 44. Kd2 g6 45. Bd1 h5 46. f3 Ng8 47.
Ke2 Nf6 48. Bc2 Ke6 49. Bd4 g5 50. h3 g4 51. fxg4 fxg4 52. hxg4 hxg4 53. Bxf6
Kxf6 54. e4 Bc6 55. Ke3 Ke5 56. Bd1 Bd7 57. Be2 1/2-1/2

[Event "ODJM A 2016"]
[Site "Willingen GER"]
[Date "2016.05.17"]
[Round "4"]
[White "Weber, Jannis"]
[Black "Ramien, David"]
[Result "1/2-1/2"]
[Termination "normal"]
[Board "9"]
[WhiteElo "1865"]
[BlackElo "2107"]
[PlyCount "176"]
[WhiteFideId "12990760"]
[BlackFideId "12948241"]
[EventCountry "GER"]
[EventRounds "9"]
[EventType "swiss"]
[EventDate "2016.05.14"]

1. e4 c5 2. d4 cxd4 3. c3 g6 4. Nf3 d3 5. Bxd3 Bg7 6. c4 Nc6 7. Nc3 d6 8. h3
Nf6 9. O-O O-O 10. Be3 Nd7 11. Rc1 Nde5 12. Nxe5 dxe5 13. Qd2 Nd4 14. Ne2 f5
15. Nxd4 exd4 16. Bg5 Qc7 17. Qb4 fxe4 18. Bxe4 Re8 19. Rfe1 e5 20. Qb5 Rf8 21.
b4 Rb8 22. Qd5+ Kh8 23. c5 h6 24. Bh4 g5 25. Bg3 Rd8 26. Qb3 Bd7 27. Qf7 Re8
28. Qg6 Kg8 29. Bd5+ Kh8 30. Rcd1 Bc6 31. Rxd4 exd4 32. Rxe8+ Bxe8 33. Bxc7
Bxg6 34. Bxb8 b5 35. c6 d3 36. c7 Bf5 37. Bxa7 Bc3 38. Bc5 Be5 39. Bb6 Bc3 40.
g4 Bc8 41. Kf1 Kg7 42. Bc6 Bxb4 43. Bxb5 d2 44. Ke2 Bb7 45. Ba4 Kf7 46. Kd3 Ke6
47. Kc4 Bd6 48. Ba5 Ba6+ 49. Kd4 Bb7 50. Bb3+ Kf6 51. Bxd2 Bxc7 52. Bd5 Bb6+
53. Ke4 Ba6 54. f4 Bf1 55. fxg5+ hxg5 56. Kf3 Ke5 57. Bf7 Bd8 58. a4 Kd6 59. a5
Kc7 60. Bd5 Be7 61. Bc3 Kb8 62. Be5+ Ka7 63. Kg3 Ka6 64. Bg2 Bc4 65. Bc7 Bb4
66. Kf2 Bc5+ 67. Ke1 Bb4+ 68. Kf2 Bc5+ 69. Kg3 Bb4 70. Bb6 Be1+ 71. Kh2 Bd2 72.
Kg1 Bxa5 73. Be3 Bd8 74. Bf1 Kb5 75. Bxc4+ Kxc4 76. Kf2 Kd3 77. Kf3 Be7 78. Bb6
Bf6 79. Bc7 Be7 80. Bb6 Bf6 81. Be3 Be7 82. Bxg5 Bxg5 83. Kg3 Ke4 84. h4 Bf4+
85. Kh3 Bd2 86. g5 Kf5 87. Kg3 Bxg5 88. hxg5 Kxg5 1/2-1/2

[Event "ODJM A 2016"]
[Site "Willingen GER"]
[Date "2016.05.17"]
[Round "4"]
[White "Kornitzky, Tino"]
[Black "Beesk, Kevin"]
[Result "0-1"]
[Termination "normal"]
[Board "10"]
[WhiteElo "1812"]
[BlackElo "1961"]
[PlyCount "60"]
[WhiteFideId "12970379"]
[BlackFideId "1271882"]
[EventCountry "GER"]
[EventRounds "9"]
[EventType "swiss"]
[EventDate "2016.05.14"]

1. d4 Nf6 2. c4 c5 3. d5 b5 4. cxb5 a6 5. Nc3 axb5 6. e4 Qa5 7. e5 Ne4 8. Bd2
Nxc3 9. Bxc3 b4 10. Bd2 g6 11. Nf3 Bg7 12. Bc4 Ba6 13. b3 O-O 14. O-O d6 15.
Re1 Nd7 16. Bf4 Bxc4 17. bxc4 Qb6 18. Re3 Ra6 19. exd6 exd6 20. Bg5 Rfa8 21.
Re7 Bxa1 22. Qc1 Ne5 23. Qf4 Rf8 24. Bh6 Nxf3+ 25. gxf3 Bg7 26. Bg5 Rxa2 27.
Rd7 b3 28. Be7 b2 29. Bxf8 b1=Q+ 30. Kg2 Qf5 0-1

[Event "ODJM A 2016"]
[Site "Willingen GER"]
[Date "2016.05.17"]
[Round "4"]
[White "Böhning, Kilian"]
[Black "Stemmler, Fabian"]
[Result "1-0"]
[Termination "normal"]
[Board "11"]
[WhiteElo "2229"]
[BlackElo "1935"]
[PlyCount "63"]
[WhiteFideId "1270499"]
[BlackFideId "12964808"]
[EventCountry "GER"]
[EventRounds "9"]
[EventType "swiss"]
[EventDate "2016.05.14"]

1. d4 e6 2. Nf3 f5 3. c4 Nf6 4. a3 Be7 5. Nc3 d6 6. Qd3 Nc6 7. Bf4 Nh5 8. g3
Nxf4 9. gxf4 Bf6 10. O-O-O Qe7 11. e4 fxe4 12. Nxe4 O-O 13. Qc2 e5 14. fxe5
dxe5 15. d5 Nd4 16. Nxd4 exd4 17. Bd3 Bf5 18. Rde1 Be5 19. Kb1 Bxe4 20. Bxe4 g6
21. Rhg1 Rf6 22. Bxg6 hxg6 23. Rxg6+ Rxg6 24. Qxg6+ Qg7 25. Qe6+ Kh7 26. Rxe5
Qg6+ 27. Kc1 Qg1+ 28. Kc2 d3+ 29. Kxd3 Qd1+ 30. Kc3 c5 31. Qf7+ Kh6 32. Qf6+
1-0

[Event "ODJM A 2016"]
[Site "Willingen GER"]
[Date "2016.05.17"]
[Round "4"]
[White "Schmidt, Daniel"]
[Black "Zahn, Benno"]
[Result "1/2-1/2"]
[Termination "normal"]
[Board "12"]
[WhiteElo "1861"]
[BlackElo "2106"]
[PlyCount "62"]
[WhiteFideId "12957950"]
[BlackFideId "24636070"]
[EventCountry "GER"]
[EventRounds "9"]
[EventType "swiss"]
[EventDate "2016.05.14"]

1. c4 Nf6 2. d4 e6 3. Nf3 d5 4. cxd5 exd5 5. g3 c6 6. Bg2 Be7 7. O-O O-O 8. Qc2
Re8 9. Nbd2 Nbd7 10. Rb1 a5 11. a3 a4 12. Re1 Nf8 13. e4 dxe4 14. Nxe4 Nxe4 15.
Qxe4 Be6 16. Qd3 Bf6 17. h4 g6 18. Qd1 Bb3 19. Rxe8 Qxe8 20. Qd3 Qd7 21. Be3
Ne6 22. Qc3 Nc7 23. Ne5 Qd8 24. Rc1 Nb5 25. Qd2 Nd6 26. f4 Nb5 27. Qf2 Nc7 28.
Qd2 Bd5 29. Bxd5 Nxd5 30. Bf2 Qc8 31. Kh2 Qe6 1/2-1/2

[Event "ODJM A 2016"]
[Site "Willingen GER"]
[Date "2016.05.17"]
[Round "4"]
[White "Ciolek, Andreas"]
[Black "Fistoul, Boris"]
[Result "1-0"]
[Termination "normal"]
[Board "13"]
[WhiteElo "2102"]
[BlackElo "1876"]
[PlyCount "49"]
[WhiteFideId "12906727"]
[BlackFideId "12953962"]
[EventCountry "GER"]
[EventRounds "9"]
[EventType "swiss"]
[EventDate "2016.05.14"]

1. e4 e6 2. d4 b6 3. Nf3 Bb7 4. Bd3 c5 5. c3 Nf6 6. Qe2 Be7 7. O-O c4 8. Bc2 d5
9. Nbd2 Qc7 10. e5 Nfd7 11. Re1 Nc6 12. Nf1 h6 13. Bf4 O-O-O 14. N1d2 g5 15.
Bg3 b5 16. b3 Rdg8 17. h3 Qd8 18. a4 b4 19. bxc4 bxc3 20. Nb1 Ba6 21. Nxc3 g4
22. hxg4 Rxg4 23. Nb5 h5 24. cxd5 h4 25. Nd6+ 1-0

[Event "ODJM A 2016"]
[Site "Willingen GER"]
[Date "2016.05.17"]
[Round "4"]
[White "Marx, Joschka"]
[Black "Richter, Nils"]
[Result "1-0"]
[Termination "normal"]
[Board "14"]
[WhiteElo "2039"]
[BlackElo "1826"]
[PlyCount "97"]
[WhiteFideId "24645869"]
[BlackFideId "12990809"]
[EventCountry "GER"]
[EventRounds "9"]
[EventType "swiss"]
[EventDate "2016.05.14"]

1. e4 c5 2. Nf3 Nc6 3. Bb5 Nf6 4. Nc3 a6 5. Bxc6 dxc6 6. h3 e6 7. d3 Be7 8. O-O
O-O 9. Be3 Qc7 10. a4 e5 11. Nd2 Ne8 12. a5 f5 13. exf5 Bxf5 14. Nce4 Nf6 15.
Qe2 Nxe4 16. Nxe4 Bxe4 17. dxe4 Kh8 18. Qc4 Rfd8 19. Bxc5 Bxc5 20. Qxc5 Rd4 21.
Rae1 Rad8 22. Re3 h6 23. Rfe1 Kh7 24. g3 Rd2 25. Kg2 R8d7 26. b4 Qb8 27. R1e2
Rd1 28. Re1 R1d2 29. Rf3 Qc7 30. Rf5 Rf7 31. Qc3 Rd4 32. Qf3 Rdd7 33. Rd1 Rde7
34. c3 g6 35. Rxf7+ Rxf7 36. Qd3 Kg7 37. Qd6 Qxd6 38. Rxd6 Re7 39. Kf3 Kf7 40.
Ke3 Rc7 41. c4 c5 42. b5 axb5 43. cxb5 c4 44. Kd2 h5 45. Kc3 g5 46. Rb6 g4 47.
hxg4 hxg4 48. a6 bxa6 49. bxa6 1-0

[Event "ODJM A 2016"]
[Site "Willingen GER"]
[Date "2016.05.17"]
[Round "4"]
[White "Acikel, Mert"]
[Black "Hartmann, Jakob"]
[Result "1/2-1/2"]
[Termination "normal"]
[Board "15"]
[WhiteElo "1883"]
[BlackElo "1983"]
[PlyCount "120"]
[WhiteFideId "12956465"]
[BlackFideId "12918067"]
[EventCountry "GER"]
[EventRounds "9"]
[EventType "swiss"]
[EventDate "2016.05.14"]

1. e4 c5 2. Nf3 Nc6 3. d4 cxd4 4. Nxd4 Nf6 5. Nc3 e5 6. Ndb5 d6 7. Bg5 a6 8.
Na3 b5 9. Nd5 Be7 10. Bxf6 Bxf6 11. c3 O-O 12. Nc2 Bg5 13. h4 Bh6 14. a4 bxa4
15. Rxa4 Kh8 16. Ncb4 Nxb4 17. Nxb4 Qb6 18. b3 f5 19. Nd5 Qa7 20. Bc4 fxe4 21.
Qe2 Bg4 22. Qc2 e3 23. f3 Bf5 24. Qa2 e4 25. g4 Be6 26. g5 exf3 27. gxh6 f2+
28. Kf1 Qd7 29. Nf4 Rxf4 30. Bxe6 Rxa4 31. bxa4 Qc6 32. Qd5 Qxd5 33. Bxd5 Rc8
34. c4 Rb8 35. Ke2 Rb3 36. hxg7+ Kxg7 37. Rd1 Kf6 38. Bg8 h6 39. Rxd6+ Kg7 40.
Rd1 Kxg8 41. c5 Rc3 42. c6 Rxc6 43. Kxe3 Rc4 44. Kxf2 Rxa4 45. Rd6 Kg7 46. h5
a5 47. Rg6+ Kh7 48. Ra6 Ra3 49. Ra7+ Kg8 50. Ke2 a4 51. Kd2 Rh3 52. Rxa4 Rxh5
53. Ra7 Re5 54. Rb7 h5 55. Ra7 h4 56. Ra4 Rh5 57. Ke3 h3 58. Ra1 Kg7 59. Kf3
Kg6 60. Kg3 h2 1/2-1/2

[Event "ODJM A 2016"]
[Site "Willingen GER"]
[Date "2016.05.17"]
[Round "4"]
[White "Schimnatkowski, Lukas"]
[Black "Schilay, Lorenz"]
[Result "1-0"]
[Termination "normal"]
[Board "16"]
[WhiteElo "1978"]
[BlackElo "1762"]
[PlyCount "81"]
[WhiteFideId "12936723"]
[BlackFideId "12930180"]
[EventCountry "GER"]
[EventRounds "9"]
[EventType "swiss"]
[EventDate "2016.05.14"]

1. g3 e5 2. Bg2 d5 3. c4 Nf6 4. cxd5 Nxd5 5. Nc3 Nb6 6. Nf3 Nc6 7. O-O Be7 8.
a3 Be6 9. b4 a5 10. Rb1 a4 11. d3 Bb3 12. Qe1 Bf6 13. Ne4 Bd5 14. Nxf6+ Qxf6
15. Bg5 Qd6 16. Qc3 O-O 17. Be3 Nd7 18. Bc5 Nxc5 19. bxc5 Qe7 20. Rxb7 Nd4 21.
Rb2 Nxf3+ 22. Bxf3 Bxf3 23. exf3 Qf6 24. Kg2 Rfd8 25. Rb4 Rd4 26. Rfb1 g6 27.
Rxd4 exd4 28. Qc4 Qe5 29. Rb4 Qe1 30. Qxd4 Qc1 31. Qe4 Rd8 32. Qe7 Rxd3 33.
Qe8+ Kg7 34. Qe5+ f6 35. Qe7+ Kh6 36. Rh4+ Kg5 37. Rg4+ Kh6 38. Qf8+ Kh5 39.
Qxf6 g5 40. Rh4+ gxh4 41. g4# 1-0

[Event "ODJM A 2016"]
[Site "Willingen GER"]
[Date "2016.05.17"]
[Round "4"]
[White "Grohmann, Alexander"]
[Black "Quante, Lennart"]
[Result "0-1"]
[Termination "normal"]
[Board "17"]
[WhiteElo "1801"]
[BlackElo "2062"]
[PlyCount "76"]
[WhiteFideId "12947679"]
[BlackFideId "12979627"]
[EventCountry "GER"]
[EventRounds "9"]
[EventType "swiss"]
[EventDate "2016.05.14"]

1. e4 e5 2. Nf3 Nc6 3. Bc4 Nf6 4. d3 Be7 5. c3 O-O 6. Nbd2 d5 7. Bb3 dxe4 8.
dxe4 Bg4 9. O-O Bc5 10. h3 Bh5 11. Qe2 Qe7 12. Rd1 Nd8 13. Nf1 Ne6 14. Ng3 Nf4
15. Bxf4 exf4 16. Nxh5 Nxh5 17. Nd4 g6 18. Nf5 Qg5 19. Rd5 Bb6 20. Nd4 Qe7 21.
Nf5 Qf6 22. Nh6+ Kg7 23. e5 Qh4 24. Ng4 Ng3 25. Qf3 h5 26. Nf6 Nf5 27. Nd7 Rfe8
28. Nxb6 axb6 29. Rd7 Rxe5 30. Rxf7+ Kh6 31. Qxb7 Rae8 32. Qxc7 Re1+ 33. Rxe1
Rxe1+ 34. Kh2 Qxf2 35. Rh7+ Kg5 36. Qd8+ Ne7 37. Qxe7+ Rxe7 38. Rxe7 f3 0-1

[Event "ODJM A 2016"]
[Site "Willingen GER"]
[Date "2016.05.17"]
[Round "4"]
[White "Küppers, Timo"]
[Black "Bethke, Robert"]
[Result "1-0"]
[Termination "normal"]
[Board "18"]
[WhiteElo "1894"]
[BlackElo "1713"]
[PlyCount "61"]
[WhiteFideId "16205820"]
[BlackFideId "12959251"]
[EventCountry "GER"]
[EventRounds "9"]
[EventType "swiss"]
[EventDate "2016.05.14"]

1. e4 e5 2. Bc4 Nc6 3. Nf3 Bc5 4. b4 Bxb4 5. c3 Ba5 6. d4 exd4 7. O-O dxc3 8.
Qb3 c2 9. Bxf7+ Kf8 10. Bxg8 d5 11. exd5 cxb1=Q 12. Rxb1 Ne7 13. Be6 Bxe6 14.
dxe6 Bb6 15. Rd1 Qe8 16. Ba3 Rd8 17. Rxd8 Qxd8 18. Rd1 Qe8 19. Rd7 c5 20. Rxb7
Nc6 21. e7+ Nxe7 22. Ne5 g6 23. Nd7+ Kg7 24. Bb2+ Kh6 25. Qe3+ g5 26. h4 Rg8
27. Nf6 Qg6 28. Nxg8+ Nxg8 29. hxg5+ Kh5 30. Bc1 Qxg5 31. Qxg5# 1-0

[Event "ODJM A 2016"]
[Site "Willingen GER"]
[Date "2016.05.17"]
[Round "4"]
[White "Wieber, Dominik"]
[Black "Knudsen, Simon"]
[Result "1/2-1/2"]
[Termination "normal"]
[Board "19"]
[WhiteElo "1855"]
[BlackElo "1907"]
[PlyCount "71"]
[WhiteFideId "24699012"]
[BlackFideId "12985546"]
[EventCountry "GER"]
[EventRounds "9"]
[EventType "swiss"]
[EventDate "2016.05.14"]

1. e4 c5 2. Nf3 d6 3. b3 e5 4. Bb2 Nc6 5. Be2 Nf6 6. d3 g6 7. Nbd2 Bg7 8. O-O
O-O 9. Nc4 Nh5 10. Ne3 Nf4 11. Re1 f5 12. Bf1 Nd4 13. Nxd4 cxd4 14. Nc4 fxe4
15. dxe4 Qg5 16. Kh1 Bg4 17. f3 Nh3 18. Qd2 Qh4 19. gxh3 Bh6 20. hxg4 Bxd2 21.
Nxd2 Rac8 22. Bc4+ Kg7 23. a4 h5 24. Rg1 hxg4 25. Rxg4 Qh5 26. Rag1 Rf6 27.
R1g2 a6 28. f4 Rxf4 29. Rxf4 exf4 30. Bxd4+ Kh7 31. Be2 Qa5 32. c3 Rxc3 33.
Bxc3 Qxc3 34. Bc4 Qc1+ 35. Nf1 Qb1 36. Kg1 1/2-1/2

[Event "ODJM A 2016"]
[Site "Willingen GER"]
[Date "2016.05.17"]
[Round "4"]
[White "Hinrichs, Niklas"]
[Black "Dietz, Florian"]
[Result "1-0"]
[Termination "normal"]
[Board "20"]
[WhiteElo "1894"]
[BlackElo "1803"]
[PlyCount "89"]
[WhiteFideId "12942499"]
[BlackFideId "12939897"]
[EventCountry "GER"]
[EventRounds "9"]
[EventType "swiss"]
[EventDate "2016.05.14"]

1. d4 Nf6 2. c4 c5 3. d5 b5 4. cxb5 a6 5. b6 d6 6. Nc3 Nbd7 7. a4 Nxb6 8. a5
Nbd7 9. e4 g6 10. Nf3 Bg7 11. h3 O-O 12. Bf4 Qc7 13. Be2 Rb8 14. Qc2 Nh5 15.
Bh2 Kh8 16. O-O Qb7 17. Rfb1 Nhf6 18. Nd2 Ne8 19. Nc4 f5 20. exf5 gxf5 21. Re1
Ndf6 22. Bf3 Rf7 23. Re2 Nc7 24. Nb6 Nb5 25. Nxb5 axb5 26. Rae1 Ng8 27. Re3 Qa7
28. Ra3 Bd4 29. Qd2 Ba6 30. Bf4 Bg7 31. Ra2 Bc8 32. Raa1 Ba6 33. Qe2 Bd4 34.
Be3 Be5 35. Bxc5 b4 36. Qd2 dxc5 37. Rxe5 Bb5 38. Qe1 Qa6 39. Re6 Qa7 40. Qe5+
Rf6 41. Rxe7 Qxe7 42. Qxb8 Ba6 43. Qf4 Bb5 44. Qd2 Rd6 45. Nc8 1-0

[Event "ODJM A 2016"]
[Site "Willingen GER"]
[Date "2016.05.17"]
[Round "4"]
[White "Wagner, Swenja"]
[Black "Wachinger, David"]
[Result "0-1"]
[Termination "normal"]
[Board "21"]
[WhiteElo "1673"]
[BlackElo "1944"]
[PlyCount "70"]
[WhiteFideId "12900494"]
[BlackFideId "24692689"]
[EventCountry "GER"]
[EventRounds "9"]
[EventType "swiss"]
[EventDate "2016.05.14"]

1. e4 c5 2. Nf3 d6 3. d4 cxd4 4. Nxd4 Nf6 5. Nc3 a6 6. Bc4 e6 7. Bb3 Nbd7 8.
Be3 Nc5 9. f3 Be7 10. Qd2 Qc7 11. O-O-O b5 12. Kb1 Bd7 13. Rhe1 b4 14. Nce2 a5
15. c3 Nxb3 16. Nxb3 O-O 17. cxb4 axb4 18. Qxb4 Rfb8 19. Qc3 Qb7 20. Nec1 Ba4
21. Rd3 d5 22. Nc5 Bxc5 23. Bxc5 dxe4 24. Rd6 Rc8 25. Qb4 Qc7 26. b3 Nd5 27.
Qd4 Qxc5 28. Qxc5 Rxc5 29. bxa4 exf3 30. gxf3 Nc3+ 31. Ka1 Nxa4 32. Red1 g6 33.
R6d3 Rc2 34. R3d2 Rac8 35. Nb3 Kg7 0-1

[Event "ODJM A 2016"]
[Site "Willingen GER"]
[Date "2016.05.17"]
[Round "4"]
[White "Kappelmann, Florian"]
[Black "Borchert, Louis"]
[Result "1/2-1/2"]
[Termination "normal"]
[Board "23"]
[WhiteElo "1643"]
[BlackElo "1774"]
[PlyCount "49"]
[WhiteFideId "12973165"]
[BlackFideId "12990680"]
[EventCountry "GER"]
[EventRounds "9"]
[EventType "swiss"]
[EventDate "2016.05.14"]

1. d4 d5 2. Bf4 c5 3. e3 Nc6 4. c3 Nf6 5. Bd3 Qb6 6. Qb3 c4 7. Qxb6 axb6 8. Bc2
b5 9. Nd2 b4 10. Ngf3 b3 11. Bb1 b5 12. a3 b4 13. O-O bxc3 14. bxc3 e6 15. a4
Na7 16. Nxb3 cxb3 17. Bd3 Nc6 18. Nd2 Ba6 19. Bb5 Kd7 20. Nxb3 Bd6 21. Bxd6
Kxd6 22. Nc5 Bxb5 23. axb5 Na5 24. Rxa5 Rxa5 25. Nb7+ 1/2-1/2